000 01318nam0a2200361 4500
001 RU\NLR\bibl\1695891
005 20260405220304.0
010 _a978-5-699-39229-2
_95000
021 _aRU
_b2009-102860
_9596д/2010
035 _a(nilc)RSL-KNO-004742072
035 _a(LIBNET)LIBNET\0000070461
035 _aLIBNET\0000070461
035 _a(NLR Aleph) 001686989
090 _a1136895
_c1136895
100 _a20101004d2010 |||y0rusy50 ca
101 1 _arus
_ceng
102 _aRU
105 _ay zzzz|||||
200 1 _aКонтракт с дьяволом
_e[роман]
_fЛилит Сэйнткроу
_g[пер. с англ. С. Теремязевой]
210 _aМосква
_cЭксмо
_aСанкт-Петербург
_cДомино
_d2010 (макет 2009)
215 _a366, [1] с.
_d21
686 _aШ5(7США)62-644.5
_2rubbk
686 _a84(7Сое)-4
_vLBC/RL
_2rubbk
686 _aШ6(7США)67-445{Лх1979-62}
700 1 _4070
_8rus
_7ca
_aСэйнткроу
_bЛ.
_f1976-
_gЛилит
_3RU\NLR\auth\7798699
_981625
801 0 _aRU
_bСвердловская ОУНБ
_c20101004
_grcr
801 1 _aRU
_bСвердловская ОУНБ
_c20101004
801 1 _aRU
_bРГБ
_c20101004
801 2 _aRU
_bNLR
_c20101109
_grcr
942 _cBOOK
980 _aNB